The Ultimate Sporcle of Ultimate Destiny Quiz Stats

 Plays Quiz not verified by Sporcle

Challenge
Share
Tweet
Embed
Score 0/32 Timer 07:00
0 Plays Today
Character/Person % Correct
Batman/Bruce Wayne
97%
Godzilla
96%
Chuck Norris
91.2%
Shaq
88.8%
Abraham Lincoln
85.6%
The Power Rangers
85%
Mr. Rogers
84.5%
Indiana Jones
83.6%
Optimus Prime
82.8%
Gandalf the Grey
80.9%
Gandalf the White
80.7%
Jackie Chan
79.8%
The Black Knight
78.4%
Hulk Hogan
76.4%
The Blue Meanie
74.5%
Superman
74.4%
Character/Person % Correct
The Rock
74.1%
Spock
72.9%
Care Bear
72.7%
Doc Ock
72.1%
Aaron Carter
72%
Darth Vader
68.4%
Theodore Logan
67.9%
The Terminator
67.6%
Robocop
65.2%
Benito Mussolini
64.6%
Cowboy Curtis
64.6%
Bill S. Preston
64.3%
Captain Kirk
61.2%
Lo Pan
58.1%
Jambi the Genie
54.5%
Scruff McGruff
54.3%

You're not logged in!

Compare scores with friends on all Sporcle quizzes.
Join for Free
OR
Log In

You Might Also Like...

Show Comments

Extras

Top Quizzes Today


Score Distribution

Your Account Isn't Verified!

In order to create a playlist on Sporcle, you need to verify the email address you used during registration. Go to your Sporcle Settings to finish the process.

Report this User

Report this user for behavior that violates our Community Guidelines.

Details: